[Event "AUTO-OPEN-4462"]
[Site "http://www.queenalice.com/game.php?id=1817191"]
[Date "2023.7.25"]
[Round "1"]
[White "cucalegal2"]
[Black "IranSilva"]
[Result "0-1"]
[WhiteElo "1564"]
[BlackElo "2227"]

1. e3 e5 2. Nc3 d5 3. Bb5+ c6 4. Be2 Nf6 5. h3 Bd6 6. a3 d4 7. exd4 exd4 8. Nb1
O-O 9. f3 Bg3+ 10. Kf1 Qb6 11. h4 d3 12. Bxd3 Qf2# 0-1

[Event "AUTO-OPEN-4462"]
[Site "http://www.queenalice.com/game.php?id=1817192"]
[Date "2023.7.25"]
[Round "1"]
[White "IranSilva"]
[Black "cucalegal2"]
[Result "0-1"]
[WhiteElo "2030"]
[BlackElo "1538"]

1. e4 e5 2. Nf3 f6 3. Bc4 Ne7 4. d4 exd4 5. Nxd4 g6 6. h4 h5 7. Qf3 Bg7 8. Nc3
Nbc6 9. Be3 Nb4 10. O-O-O c5 11. Ne6 Qb6 12. Bxc5 Nxa2+ 13. Bxa2 Qc6 14. Nxg7+
Kd8 15. Ne6+ Ke8 16. Rd6 Qa6 0-1

[Event "Capixabba789"]
[Site "http://www.queenalice.com/game.php?id=1818473"]
[Date "2023.8.10"]
[Round "1"]
[White "cucalegal2"]
[Black "Charles56"]
[Result "0-1"]
[WhiteElo "1551"]
[BlackElo "1625"]

1. Nf3 d5 2. d4 Nc6 3. e3 a6 4. h3 Nf6 5. g4 h6 6. Bg2 e6 7. c3 Bd6 8. b4 Ne4 9.
O-O f6 10. Qd3 f5 11. gxf5 exf5 12. Nbd2 g5 13. Ne1 h5 14. Nxe4 fxe4 15. Qe2 g4
16. hxg4 hxg4 17. f4 Qh4 18. c4 Qh2+ 19. Kf2 g3# 0-1

[Event "Capixabba789"]
[Site "http://www.queenalice.com/game.php?id=1823605"]
[Date "2023.10.22"]
[Round "2"]
[White "TammieM3ENF"]
[Black "cucalegal2"]
[Result "0-1"]
[WhiteElo "1123"]
[BlackElo "1568"]

1. d4 d5 2. e4 Nc6 3. c3 e6 4. exd5 Qxd5 5. Nf3 Be7 6. b3 a6 7. a4 Na5 8. c4 Qd6
9. b4 Nxc4 10. b5 Nb6 11. bxa6 bxa6 12. g4 a5 13. h4 Nh6 14. g5 Nf5 15. h5 Bb7
16. g6 hxg6 17. h6 gxh6 18. Nh4 Qb4+ 19. Bd2 Qxd4 20. Rh2 Bxh4 21. Ra2 Qe5+ 22.
Be2 Qxh2 23. Nc3 Qxf2# 0-1

[Event "AUTO-OPEN-4495"]
[Site "http://www.queenalice.com/game.php?id=1827665"]
[Date "2023.12.20"]
[Round "1"]
[White "cucalegal2"]
[Black "Mateuzao_99"]
[Result "0-1"]
[WhiteElo "1548"]
[BlackElo "2076"]

1. Nc3 Nc6 2. a3 e5 3. e4 Nf6 4. f3 d5 5. exd5 Nxd5 6. Nxd5 Qxd5 7. Qe2 Bf5 8.
g4 Bxg4 9. Bg2 Be6 10. f4 Qd6 11. fxe5 Qd7 0-1

[Event "AUTO-OPEN-4495"]
[Site "http://www.queenalice.com/game.php?id=1827666"]
[Date "2023.12.20"]
[Round "1"]
[White "Mateuzao_99"]
[Black "cucalegal2"]
[Result "1-0"]
[WhiteElo "2074"]
[BlackElo "1550"]

1. e4 e5 2. Nf3 f6 3. Nxe5 fxe5 4. Qh5+ g6 5. Qxe5+ Qe7 6. Qxh8 Nf6 7. d3 d6 8.
Bg5 Nbd7 9. Nd2 Qf7 10. Bh6 Ng4 11. Bxf8 1-0

[Event "AUTO-OPEN-4495"]
[Site "http://www.queenalice.com/game.php?id=1827667"]
[Date "2023.12.20"]
[Round "1"]
[White "cucalegal2"]
[Black "Castling"]
[Result "0-1"]
[WhiteElo "1546"]
[BlackElo "1650"]

1. Nc3 Nf6 2. e3 Nc6 3. a3 d5 4. h3 a6 5. d4 Bf5 6. g4 Be4 7. f3 Bg6 8. f4 Be4
9. Nxe4 Nxe4 10. Qf3 e6 11. Ne2 Qd7 12. Bg2 O-O-O 13. g5 g6 14. h4 f5 15. c3 Bd6
16. h5 Na5 17. Ra2 Nb3 18. Kd1 Qa4 19. Ke1 Nxc1 20. Nxc1 Qc2 21. Qd1 Qf2# 0-1

[Event "AUTO-OPEN-4495"]
[Site "http://www.queenalice.com/game.php?id=1827668"]
[Date "2023.12.20"]
[Round "1"]
[White "Castling"]
[Black "cucalegal2"]
[Result "1-0"]
[WhiteElo "1660"]
[BlackElo "1525"]

1. e4 e5 2. Bc4 a6 3. Nf3 d6 4. h3 Nf6 5. d3 h6 6. Nc3 c6 7. a3 b5 8. Ba2 Bb7 9.
Be3 Qa5 10. O-O b4 11. axb4 Qc7 12. Ne2 g5 13. Nh2 Nbd7 14. c4 Be7 15. c5 dxc5
16. Bxc5 Nxc5 17. bxc5 Bxc5 18. Ng3 Bd4 19. Qc2 c5 20. Nf5 Nd7 21. Ng7+ Ke7 22.
Nf5+ Kf6 23. Ng4+ Kg6 24. Ne7+ 1-0

[Event "AUTO-OPEN-4495"]
[Site "http://www.queenalice.com/game.php?id=1827669"]
[Date "2023.12.20"]
[Round "1"]
[White "cucalegal2"]
[Black "jogador58"]
[Result "0-1"]
[WhiteElo "1498"]
[BlackElo "2196"]

1. Nc3 e5 2. e4 Nc6 3. Nf3 Nf6 4. d3 Bb4 5. Qd2 d6 6. a3 Ba5 7. b4 Bb6 8. Qg5
O-O 9. Qd2 a5 10. b5 Nb8 11. h3 c6 12. g4 Nbd7 13. bxc6 bxc6 14. Nh4 Nc5 15. Be2
Nfxe4 16. Ng2 Nxd2 17. Bxd2 d5 18. O-O Ne6 19. h4 Ba6 20. g5 Nd4 21. Bd1 e4 22.
Re1 exd3 23. Ne3 Qd6 24. Ng4 dxc2 25. Be2 Bxe2 26. Rxe2 Nxe2+ 27. Nxe2 Rae8 28.
Ne3 Re4 29. Kg2 Rxh4 30. Nf1 d4 31. a4 Bc7 32. Nfg3 d3 33. Nc1 Qd5+ 34. f3 Rg4
35. Nxd3 Rxg3+ 0-1

[Event "AUTO-OPEN-4495"]
[Site "http://www.queenalice.com/game.php?id=1827670"]
[Date "2023.12.20"]
[Round "1"]
[White "jogador58"]
[Black "cucalegal2"]
[Result "1-0"]
[WhiteElo "2182"]
[BlackElo "1504"]

1. e4 e5 2. f4 Bd6 3. Nf3 exf4 4. d4 g5 5. Bc4 Nh6 6. e5 Be7 7. O-O c6 8. h3 d5
9. exd6 Qxd6 10. Re1 g4 11. hxg4 Nxg4 12. Nc3 b5 13. Bb3 a5 14. a4 b4 15. Ne4
Qh6 16. Neg5 Rf8 17. Bxf4 Bb7 18. Rxe7+ Kxe7 19. Qe2+ Kd7 20. Ne5+ Nxe5 21. Qxe5
Na6 22. Qf5+ Kd8 23. Nxf7+ Rxf7 24. Bxf7 Qg7 25. Re1 Bc8 26. Re8# 1-0

[Event "AUTO-ADV-4754"]
[Site "http://www.queenalice.com/game.php?id=1827769"]
[Date "2023.12.21"]
[Round "1"]
[White "matamuff"]
[Black "cucalegal2"]
[Result "1-0"]
[WhiteElo "1825"]
[BlackElo "1529"]

1. Na3 a6 2. c4 e6 3. b3 d6 4. Bb2 c5 5. Nf3 e5 6. e4 Nf6 7. d3 Nc6 8. Nc2 Qa5+
9. Qd2 Qxd2+ 10. Nxd2 a5 11. a4 Be7 12. g3 Ng4 13. Bg2 f5 14. h3 Nh6 15. exf5
Bxf5 16. Ne4 Nf7 17. Bc3 Be6 18. Bd2 h6 19. Nc3 Bf5 20. Nd5 Bd8 21. O-O Bxd3 22.
Rfc1 O-O 23. Ne1 Nb4 24. Bxb4 1-0

[Event "AUTO-ADV-4754"]
[Site "http://www.queenalice.com/game.php?id=1827770"]
[Date "2023.12.21"]
[Round "1"]
[White "cucalegal2"]
[Black "matamuff"]
[Result "0-1"]
[WhiteElo "1534"]
[BlackElo "1820"]

1. Nc3 g6 2. e3 Bg7 3. Nf3 d6 4. d4 a6 5. a4 Nd7 6. Ng5 Nh6 7. Bc4 O-O 8. h4 Nb6
9. Nd5 Nxc4 10. a5 e6 11. Nc3 d5 12. b3 Nd6 13. Ne2 Ne8 14. Ba3 Nd6 15. f3 Re8
16. g3 f6 17. Nh3 Nhf7 18. g4 e5 19. Bb2 e4 20. Nc3 exf3 21. Qxf3 Ne4 22. Nxe4
Rxe4 23. Nf2 Re7 0-1

[Event "AUTO-ADV-4754"]
[Site "http://www.queenalice.com/game.php?id=1827781"]
[Date "2023.12.21"]
[Round "1"]
[White "ThiagoBrumN"]
[Black "cucalegal2"]
[Result "1-0"]
[WhiteElo "1782"]
[BlackElo "1514"]

1. e4 e5 2. Nf3 f6 3. d4 d6 4. Nc3 Nc6 5. Bb5 Bd7 6. d5 Nb8 7. O-O Bxb5 8. Nxb5
a6 9. Nc3 g5 10. Re1 b5 11. a3 Nh6 12. Be3 Qd7 13. b4 Be7 14. Rc1 c6 15. h3 g4
16. Bxh6 gxf3 17. Qxf3 Bf8 18. Qxf6 Rg8 19. dxc6 Nxc6 20. Ne2 Be7 21. Qf3 Qe6
22. Ng3 Nd4 23. Qh5+ Rg6 24. Nf5 1-0

[Event "AUTO-ADV-4754"]
[Site "http://www.queenalice.com/game.php?id=1827782"]
[Date "2023.12.21"]
[Round "1"]
[White "cucalegal2"]
[Black "ThiagoBrumN"]
[Result "0-1"]
[WhiteElo "1509"]
[BlackElo "1787"]

1. e4 d5 2. e5 c5 3. c3 Nc6 4. Qe2 Bf5 5. Na3 a6 6. Nf3 e6 7. h3 Qc7 8. g4 Be4
9. d3 Bg6 10. h4 h6 11. h5 Bh7 12. c4 d4 13. Bg2 O-O-O 14. Bh3 Nge7 15. g5 Kb8
16. gxh6 gxh6 17. Bf4 Nb4 18. Rd1 Nf5 19. Bxf5 Bxf5 20. Nh4 Bh7 21. b3 Be7 22.
Rd2 Qa5 23. Nb1 Bg5 0-1

[Event "AUTO-ADV-4754"]
[Site "http://www.queenalice.com/game.php?id=1827789"]
[Date "2023.12.21"]
[Round "1"]
[White "cucalegal2"]
[Black "Capixabba789"]
[Result "0-1"]
[WhiteElo "1502"]
[BlackElo "1903"]

1. e4 e5 2. Nf3 d6 3. c4 Bg4 4. h3 Bh5 5. g4 Bg6 6. d3 Nc6 7. h4 h5 8. g5 Nge7
9. Nc3 Nd4 10. Nxd4 exd4 11. Ne2 c5 12. Qa4+ Nc6 13. Nf4 Qc7 14. Nxg6 fxg6 15.
Bf4 Be7 16. Bg2 O-O 17. Bg3 Nb4 18. Qb3 a5 19. a4 Qd7 20. O-O Rad8 21. Kh2 b6
22. Bh3 Qc6 23. Be6+ Kh8 24. Rae1 Rf3 25. Rd1 Rdf8 26. Bd5 Nxd5 0-1

[Event "AUTO-ADV-4754"]
[Site "http://www.queenalice.com/game.php?id=1827790"]
[Date "2023.12.21"]
[Round "1"]
[White "Capixabba789"]
[Black "cucalegal2"]
[Result "1-0"]
[WhiteElo "1905"]
[BlackElo "1500"]

1. e4 e5 2. Nf3 f6 3. Bc4 Nh6 4. d3 c6 5. Bxh6 gxh6 6. Nxe5 d5 7. Qh5+ Ke7 8.
Nf7 Qe8 9. exd5 Qxf7 10. d6+ Kxd6 11. Qxf7 Bd7 12. Qxf6+ Kc7 13. Qxh8 Bb4+ 14.
c3 Bc5 15. Qxh7 Bf8 16. Nd2 Kb6 17. a4 a5 18. O-O Kc7 19. Ne4 Kb6 20. Rfe1 Kc7
21. Nf6 Kd8 22. Nxd7 Nxd7 23. Re2 Kc7 24. Re6 Rd8 25. Rae1 Kc8 26. Re8 Bd6 27.
Rxd8+ 1-0

[Event "AUTO-INT-3858"]
[Site "http://www.queenalice.com/game.php?id=1827884"]
[Date "2023.12.24"]
[Round "1"]
[White "cucalegal2"]
[Black "bdpq"]
[Result "0-1"]
[WhiteElo "1489"]
[BlackElo "1739"]

1. e4 d5 2. e5 e6 3. c3 Bc5 4. d4 Bb6 5. Nf3 Ne7 6. Ng5 O-O 7. Qc2 g6 8. b3 Nbc6
9. f4 Nf5 10. a4 Ne3 11. Bxe3 Bd7 12. b4 a6 13. a5 Ba7 14. Be2 f6 15. Nh3 fxe5
16. g3 exd4 17. Bd2 e5 18. Nf2 e4 19. cxd4 Nxd4 20. Qa2 Be6 21. Bc3 Nb5 22. Be5
Qe7 23. Qd2 Bxf2+ 24. Kxf2 Bd7 25. Qxd5+ Be6 26. Qxb7 Rfb8 27. Qxe4 Bf5 28. Qc4+
Be6 29. Qc5 Qxc5+ 30. Kf1 Qxb4 31. Kf2 Bf5 32. Rc1 Bxb1 33. Rcxb1 Qc5+ 34. Kg2
Nc3 35. Rc1 Rb2 36. Rxc3 Qb5 37. Re1 Rxe2+ 38. Kf1 Rxh2+ 39. Kg1 Qb2 0-1

[Event "AUTO-INT-3858"]
[Site "http://www.queenalice.com/game.php?id=1827885"]
[Date "2023.12.24"]
[Round "1"]
[White "bdpq"]
[Black "cucalegal2"]
[Result "1-0"]
[WhiteElo "1732"]
[BlackElo "1496"]

1. e4 e5 2. d4 Bd6 3. dxe5 Bxe5 4. Nf3 d6 5. Nxe5 dxe5 6. Qxd8+ Kxd8 7. Bd3 Nc6
8. O-O h6 9. Nc3 Nd4 10. Be3 Nf6 11. f4 Nc6 12. Bb5 Bd7 13. f5 a6 14. Bc4 Ng4
15. Bc5 Ne3 16. Bxe3 Nb4 17. Bb3 f6 18. a3 Nc6 19. Rfd1 Kc8 20. Rd2 Rd8 21. Bd5
g5 22. fxg6 Ne7 23. Bf7 c6 24. Na4 h5 25. Rf2 f5 26. Bg5 Nxg6 27. Bxg6 Rg8 28.
exf5 Kc7 29. Bf6 Rae8 30. Bxh5 Ref8 31. Bxe5+ Kd8 32. Rd2 Rxf5 33. Nb6 Rxh5 34.
Nxd7 Ke7 35. Re1 Kf7 36. Nf6 Rxe5 37. Rxe5 Kxf6 38. Rde2 Rg5 39. Rxg5 1-0